After virtue a study in moral theory

保存先:
書誌詳細
第一著者: MacIntyre, Alasdair C.
フォーマット: 不明
言語:English
出版事項: Notre Dame, Indiana University of Notre Dame Press 1981
主題:
タグ: タグ追加
タグなし, このレコードへの初めてのタグを付けませんか!

MARC

LEADER 000000000a22000000004500
001 000088
008 140516s1981 us |||f |||| 001 0 eng d
041 0 |a Inglés 
082 |a 170.42 M149a 
100 1 |a MacIntyre, Alasdair C. 
245 1 0 |a After virtue   |b a study in moral theory  |c Alasdair MacIntyre 
260 |a Notre Dame, Indiana  |b University of Notre Dame Press   |c 1981 
300 |a 252 páginas 
500 |a Número de inscripción 9268 (Colección George Yúdice) 
650 4 |a VIRTUD 
650 4 |a ETICA 
942 |2 ddc  |c BK 
999 |c 830  |d 830